000
00329nam a2200133Ia 4500
008
151001s9999||||xx |||||||||||||| ||und||
100
_a
मोहन रावल
245
_a
महाचालू
250
_a
1
260
_b
अजब प्रकाशन
260
_c
2009
300
_a
208
365
_b
21
999
_c
993577
_d
993574